00583 2200205 4500001002100000005001500021035002000036245010300056100001300159250000600172300003300178700002500211260003100236082001100267084001700278020001800295650003000313990001700343990001700360INLIS00000000000038920181012033524 a0010-10180000791 aNabi Muhammad SAW Rasul Kesayangan Kita 8 :bBurak Kecil /cTim Soka; Editor, Eko Marsudiono, S.Pd0 aTim Soka a- a24 hlm. :bilus. ;c27,5 cm.0 aEko Marsudiono, S.Pd aBogor :bYudhistira,c2004 a297.09 a297.09 TIM n a979-746-007-X aSejarah Nabi Muhammad SAW a01504/P/2018 a01505/P/2018